000 00752nam a2200253Ia 4500
003 OSt
005 20220928124319.0
006 a|||||r|||| 00| 0
007 ta
008 220927b |||||||| |||| 00| 0 eng d
020 _c8706.6000000000004
024 _a129117
037 _b425, 08/03/2016, Kiran Book Service
_cTextual
040 _aSDCL
_cSDCL
_beng
041 _2eng
_aeng
082 _aW:(R), Q5
100 _aRahman Smita A.
_9464331
245 0 _aTime, memory, and the politics of contingency
260 _aNew York
_b Routledge
_c2015
300 _axv;128p.
_ccm.
650 _aPolitical Science
942 _hW:(R), Q5
_cTEXL
_2CC
999 _c777242
_d777242